000 00688nam a2200217 a 4500
001 59186
003 BD-RjUL
005 20211209080713.0
008 161221s1980 ii a|||| |||| 00| 0 eng d
035 _a(BD-RjUL) 59310
040 _aBD-RjUL
_beng
_cBD-RjUL
041 _aeng
082 _223
_a338.9
_bBIS 1980
110 _aBirla Institute Scientific Research
_9182882
245 _aStructural Transformation and Economic Development /
_cBirla Institute Scientific Research
260 _aNew Delhi :
_bArnold Heinemann,
_cc1980.
300 _a125 p. :
_bill. ;
_c22 cm.
650 _a Economic Development
_9175995
700 _aEconomic Research Division.
_9175997
942 _2ddc
_cBK
999 _c59186
_d59186